MARC

LEADER 00000nam0a2200000 4500
001 274743
005 20231101234746.0
020 |a RU  |b 85-73311 
035 |a (RuTPU)RU\TPU\book\297953 
090 |a 274743 
100 |a 20141108d1985 km y0rusy5003 ca 
101 0 |a rus 
102 |a RU 
105 |a a z 001zy 
200 1 |a Статистические алгоритмы в социалогичкских исследованиях  |f А. Ф. Фелингер  |g Академия наук СССР (АН СССР), Сибирское отделение (СО), Институт истории, филологии и философии ; под ред. В. П. Бойко, Б. С. Елепова 
210 |a Новосибирск  |c Наука  |d 1985 
215 |a 208 с.  |c ил. 
320 |a Библиогр.: с. 206-207 
606 1 |a Конкретно-социологические исследования  |x Математические методы  |x Точность  |x Экспертные оценки  |2 stltpush  |3 (RuTPU)RU\TPU\subj\15369  |9 41617 
610 1 |a статистические методы 
610 1 |a социологические исследования 
610 1 |a статистические алгоритмы 
610 1 |a обработка данных 
610 1 |a методы 
610 1 |a экспертное оценивание 
610 1 |a случайные величины 
610 1 |a обработка данных 
686 |a С5в  |v LBC/SL-A  |2 rubbk 
700 1 |a Фелингер  |b А. Ф.  |g Арно Филиппович  |4 070 
702 1 |a Бойко  |b В. П.  |4 340 
702 1 |a Елепов  |b Б. С.  |4 340 
712 0 2 |a Академия наук СССР (АН СССР)  |b Сибирское отделение (СО)  |b Институт истории, филологии и философии  |c (Новосибирск)  |2 stltpush  |3 (RuTPU)RU\TPU\col\11501 
801 0 |a RU  |b RuMRKP  |c 19950704  |g psbo 
801 1 |a RU  |b 63413507  |c 20141108 
801 2 |a RU  |b 63413507  |c 20170120  |g RCR 
942 |c BK